WWF Hasbro Figures - Statistics

General Stats
  • This quiz has been taken 197 times
    192 since last reset
  • The average score is 81 of 111
Answer Stats
Hint Answer % Correct
MA | S1 | S2 | +2 others Hulk Hogan
98%
S1 | S3 | S5 | UR Macho Man Randy Savage
94%
S10 | S7 | TT Shawn Michaels
94%
S1 Andre the Giant
90%
S1 Ax
90%
S1 Jake the Snake Roberts
90%
S2 Macho King Randy Savage
90%
S1 | S2 | S9 Million Dollar Man Ted Dibiase
90%
S1 | S2 | S3 Ultimate Warrior
90%
S11 | S7 | TT Crush
88%
S1 | TT Smash
88%
MA | S4 | S8 Bret Hitman Hart
85%
MA | S4 | S8 Undertaker
85%
S11 | S8 Yokozuna
85%
S10 | TT Marty Jannetty
83%
S2 Rowdy Roddy Piper
83%
S5 Virgil
83%
TT Animal
81%
TT Hawk
81%
S3 Earthquake
79%
S1 | S3 Big Boss Man
77%
UR Mo
77%
S1 Akeem
75%
S9 | UR Doink
75%
S1 Ravishing Rick Rude
75%
S5 | UR Jim the Anvil Neidhart
73%
S8 | UR Lex Luger
73%
S10 | S7 Razor Ramon
73%
S6 | S9 Tatanka
73%
S1 | S3 | UR Brutus the Barber Beefcake
71%
S2 Honky Tonk Man
71%
S3 Koko B Ware
71%
S3 Typhoon
71%
S2 | S9 Hacksaw Jim Duggan
69%
S5 IRS
69%
S3 | S8 Mr. Perfect
69%
S6 Ric Flair
69%
S11 The 1-2-3 Kid
69%
S4 British Bulldog
67%
S2 Dusty Rhodes
67%
S3 | UR Greg the Hammer Valentine
67%
S7 Kamala
67%
S6 Repo Man
67%
S4 Ricky The Dragon Steamboat
67%
S5 The Warlord
67%
UR Diesel
65%
S10 | TT Luke
65%
S5 Rick the Model Martel
65%
S5 Skinner
65%
S2 Superfly Jimmy Snuka
65%
S10 | TT Butch
63%
S11 Bart Gunn
60%
S11 Billy Gunn
60%
TT Brian Knobbs
60%
S10 Fatu
60%
TT Jerry Sags
60%
UR Mabel
60%
S6 Papa Shango
60%
S10 Samu
60%
S5 The Mountie
60%
S7 Nailz
58%
S3 Sgt. Slaughter
58%
S6 Berzerker
56%
S10 Giant Gonzalez
56%
S11 Ludvig Borga
56%
S9 Rick Steiner
54%
S9 Scott Steiner
54%
S3 Texas Tornado
54%
S6 El Matador
52%
S11 Adam Bomb
50%
S7 Owen Hart
50%
S5 Sid Justice
50%
S8 Bam Bam Bigelow
48%
UR Jeff Jarrett
33%
UR Tugboat
29%
UR Bastion Booger
19%
No matching quizzes found
Score Distribution
Percent of People with Each Score
Percentile by Number Answered
Your Score History
You have not taken this quiz since the last reset